000 00975nab a22002057i 4500
001 768714001
003 CO-MdFUSB
005 20240531062756.0
008 240502t1965 sp ||||| |||| 00| 0 spa d
040 _bspa
_cCO-MdFUSB
_dCO-MdFUSB
041 _aspa
100 _aCornélis, Etienne,
_eautor
245 _aEspiritualidad cristiana y no cristiana
_c/ Etienne Cornélis
520 _aLa ausencia de presencia divina en el cristianismo ha llevado a una falta de amor y a una dependencia de sus propias profundidades místicas. El cristiano es afectado por el encuentro con las espiritualidades no cristianas hasta en lo que se refiere a la calidad de su caridad.
650 0 _aVida espiritual
_951
650 7 _aCristianismo
_2
_922
773 0 _049450
_982567
_oR2499
_tRevista internacional de teología Concilium
_w(CO-MdFUSB)8
_x0210-1041
_gNúmero 9, (noviembre, 1965), páginas: 82 - 89
_qpágina: 82
942 _cANA
945 _aCatherine Arias Álvarez practicante SENA
999 _c69468
_d69468